000 00888aam a2200325 i 4500
001 768714001
003 CO-MdFUSB
005 20240214111828.0
007 ta
008 230928t1990 -us |||| |||| 00| 0 spa d
020 _a0829705678
040 _bspa.
_aCO-MdFUSB
_cCO-MdFUSB
_dCO-MdFUSBC
_erda
041 _aspa
082 0 4 _a264.23
_223
_bB1871h
245 1 0 _aHimnos de gloria :
_bcantos de triunfo
_c/ editado por H. C. Ball
264 1 _aMiami, Estados Unidos:
_bVida,
_c[1990]
264 4 _c© 1990
300 _a229 páginas
_c; 21 cm
336 _atexto
_btxt
_2rdacontent
337 _2rdamedia
_asin mediación
_bn
338 _2rdacarrier
_avolumen
_bnc
505 _aHimnos de gloria
563 _aPasta dura
650 7 _9206
_aLiturgia
650 0 _91066
_aAdoración
653 _aHimnos
700 _98546
_aBall, H. C.
_eeditor
942 _cBK
945 _aJTF-925
999 _c35585
_d35585